LEADER 01392nam1 22003133i 450 001 BVEE043154 005 20170908093223.0 100 $a20100406d1639 ||||0itac50 ba 101 | $alat 102 $afr 181 1$6z01$ai $bxxxe 182 1$6z01$an 200 1 $a˜R.P. Corn. Cornelii a Lapide e Societate Iesu, ...œIn Ecclesiasten commentarius. Indicibus locorum Sacrae Scripturae rerum & verborum instructus 210 $aParisiis$csumptibus Claudii Sonnii, viâ Iacobaeâ, sub scuto Basileensi, & circino aureo$d1639 215 $a2 v.$d2º. 463 1$1001BVEE043157$12001 $a˜[2]: œIn librum Sapientiae commentarius. Indicibus locorum Sacrae Scripturae rerum & verborum instructus$v2 620 $dParigi$3TO0L002626 700 0$aCornelius : a Lapide$3CUBV047179$4070$0744177 712 02$aSonnius, Claude$3BVEV092742$4650 790 1$aSteen$b, Cornelis Cornelissen : van den$3SBNV007246$zCornelius : a Lapide 790 1$aLapide$b, Cornelius : a$3SBNV007247$zCornelius : a Lapide 801 3$aIT$bIT-NA0079$c20100406 850 $aIT-NA0243 912 $aBVEE043154 950 1$aCentro Librario e Bibliotecario per la Diffusione della cultura$cv. 2$d 67F. PRESEPEXVII 66/2 967 $m1 977 $a 67 996 $aIn Ecclesiasten commentarius. Indicibus locorum Sacrae Scripturae rerum & verborum instructus$91481602 997 $aUNISANNIO LEADER 01063cam0-22003131i-4500 001 990005870100403321 005 20170303110704.0 035 $a000587010 035 $aFED01000587010 035 $a(Aleph)000587010FED01 035 $a000587010 100 $a20000301d1998----km-y0itay50------ba 101 0 $aita 102 $aIT 105 $aa-------101yy 200 1 $aDisarmonia bruttezza e bizzarria nel Rinascimento$eatti del VII Convegno internazionale (Chianciano-Pienza 17-20 luglio 1995)$fa cura di Luisa Secchi Tarugi 210 $aFirenze$cCesati$d1998 215 $a469 p.$cill.$d23 cm 610 0 $aGrottesco nella letteratura$aSec. 15.-18.$aCongressi$a1995 610 0 $aGrottesco nell'arte$aSec. 15.-18.$aCongressi$a1995 676 $a809.93357$v22$zita 702 1$aSecchi Tarugi,$bLuisa$f<1943- > 801 0$aIT$bUNINA$gRICA$2UNIMARC 901 $aBK 912 $a990005870100403321 952 $a809.933 SEC 1$bBibl.29734$fFLFBC 959 $aFLFBC 996 $aDISARMONIA bruttezza e bizzarria nel Rinascimento$9564740 997 $aUNINA LEADER 04027nam 2200709 450 001 9910811230303321 005 20210422025315.0 010 $a3-11-035400-4 010 $a3-11-038766-2 024 7 $a10.1515/9783110354003 035 $a(CKB)3360000000515227 035 $a(EBL)1642665 035 $a(SSID)ssj0001402810 035 $a(PQKBManifestationID)12503775 035 $a(PQKBTitleCode)TC0001402810 035 $a(PQKBWorkID)11361431 035 $a(PQKB)11383720 035 $a(DE-B1597)359615 035 $a(OCoLC)979745985 035 $a(OCoLC)988823951 035 $a(DE-B1597)9783110354003 035 $a(Au-PeEL)EBL1642665 035 $a(CaPaEBR)ebr11014046 035 $a(CaONFJC)MIL806482 035 $a(OCoLC)903421532 035 $a(CaSebORM)9783110353938 035 $a(MiAaPQ)EBC1642665 035 $a(EXLCZ)993360000000515227 100 $a20150211h20142014 uy 0 101 0 $aeng 135 $aur|nu---|u||u 181 $ctxt 182 $cc 183 $acr 200 10$aRedeeming laughter $ethe comic dimension of human experience /$fPeter L. Berger 205 $aSecond edition. 210 1$aBerlin, [Germany] ;$aBoston, [Massachusetts] :$cWalter de Gruyter GmbH,$d2014. 210 4$d©2014 215 $a1 online resource (223 p.) 300 $aDescription based upon print version of record. 311 $a3-11-035401-2 311 $a3-11-035393-8 327 $tFront matter --$tOverview --$tPreface --$tPrefatory Remarks, Self-Serving Explanations, and Unsolicited Compliments --$tPrologue --$tPart I: Anatomy of the Comic --$t1. The Comic Intrusion --$t2. Philosophers of the Comic, and the Comedy of Philosophy --$t3. Laughing Monks: A Very Brief Sinitic Interlude --$t4. Homo Ridens: Physiology and Psychology --$t5. Homo Ridiculus: Social Constructions of the Comic --$t6. Interlude: Brief Reflections on Jewish Humor --$tPart II: Comic Forms of Expression --$t7. The Comic as Diversion: Benign Humor --$t8. The Comic as Consolation: Tragicomedy --$t9. The Comic as Game of Intellect: Wit --$t10. The Comic as Weapon: Satire --$t11. Interlude: The Eternal Return of Folly --$tPart III: Toward a Theology of the Comic --$t12. The Folly of Redemption --$t13. Interlude: On Grim Theologians --$t14. The Comic as a Signal of Transcendence --$tEpilogue 330 $aAmid the variety of human experiences, the comic occupies a distinctive place. It is simultaneously ubiquitous, relative, and fragile. In this book, Peter L. Berger reflects on the nature of the comic and its relationship to other human experiences. Berger contends that the comic is an integral aspect of human life, yet one that must be approached and analyzed circumspectly and circuitously. Beginning with an exploration of the anatomy of the comic, Berger addresses humor in philosophy, physiology, psychology, and the social sciences before turning to a discussion of different types of comedy and finally suggesting a theology of the comic in terms of its relationship to folly, redemption, and transcendence. Along the way, the reader is treated to a variety of jokes on a variety of topics, with particular emphasis on humor and its relationship to religion. Originally published in 1997, the second edition includes a new preface reflecting on Berger's work in the intervening years, particularly on the relationship between humor and modernity. 606 $aComic, The$xReligious aspects$xChristianity 606 $aWit and humor$xReligious aspects$xChristianity 610 $aHumor. 610 $aModernity. 610 $aReligion. 610 $aSociology. 615 0$aComic, The$xReligious aspects$xChristianity. 615 0$aWit and humor$xReligious aspects$xChristianity. 676 $a233 686 $aEC 7120$2rvk 700 $aBerger$b Peter L.$0119506 801 0$bMiAaPQ 801 1$bMiAaPQ 801 2$bMiAaPQ 906 $aBOOK 912 $a9910811230303321 996 $aRedeeming laughter$91668966 997 $aUNINA